| 000 | 00948nam a22002777a 4500 | ||
|---|---|---|---|
| 001 | 10043 | ||
| 003 | FISKH | ||
| 005 | 20260401101701.0 | ||
| 008 | 260401b cb ||||| |||| 00| 0 eng d | ||
| 020 | _a0816730156 | ||
| 040 |
_aFISKH _beng _cFISKH _dFISKH |
||
| 050 | _aPZ7 .S974255 .K | ||
| 082 | _a303 | ||
| 100 |
_aSweeney, Jacqueline _eAuthor |
||
| 245 |
_aKatie and the night noises / _cby Jacqueline Sweeney ; pictures by Arden Johnson |
||
| 260 |
_aNew Jersey : _bTroll Associates Inc. , _c1993 |
||
| 300 |
_a32 unnumbered pages : _bcolor illustrations ; _c20 x 25 cm |
||
| 505 | _aG | ||
| 520 | _aAt bedtime, Katie has trouble going to sleep when all the sounds in the house stir her imagination to hear sounds of the jungle. | ||
| 521 | 8 |
_a350
_bLexile estimate |
|
| 521 | 8 |
_aG
_bRaz-Plus |
|
| 650 |
_aChildren's book _vImagination |
||
| 700 |
_aJohnson, Arden _eIllustrator |
||
| 942 |
_2ddc _cBK _n0 |
||
| 999 |
_c10043 _d10043 |
||